000 00350nam a2200157Ia 4500
008 210210b1886 xxu||||| |||| 00| 0 eng d
041 _aeng
082 _a516/22
100 _aGARNETT (W)
245 _aElementary dynamics
260 _aCambridge
_b-
_c1886
650 _aElementary
650 _adynamics
690 _astatics
906 _a007739
999 _c140357
_d140357